| 000 | 00480nam a22001697a 4500 | ||
|---|---|---|---|
| 005 | 20251108165020.0 | ||
| 008 | 250721s1990 xx 000 0 ara d | ||
| 082 | 1 | 4 | _a658.81/علي |
| 100 | 1 | _aربابعة، علي | |
| 245 | 1 | 0 | _aإدارة المبيعات / |
| 264 | 1 |
_aعمان : _bمركز الخوارزمي كلية الخوارزمي، _c1990. |
|
| 300 | _a145ص | ||
| 650 | 1 | 7 | _aالتسويق |
| 700 | 1 | _aذياب، فتحي | |
| 942 |
_2ddc _cBK |
||
| 999 |
_c19972 _d19972 |
||